000 00504nam a2200169Ia 4500
008 210719s2011 xx 000 0 und d
041 _aeng
082 _a658.002 KOLU
100 _aKOLI (L N);KOLI (Prem)
245 _aUpkars UGC NET/JRF/SET: Management (Paper III)
260 _aAgra
_bUpkar Prakashan.
_c2011
300 _aviii,647
_bPB
365 _b420
_cRs
650 _aManagement Entrance
650 _aManagement Entrance
906 _a(Paper ; III) ; Management ; NET/JRF/SET: ; UGC ; Upkars
999 _c215295
_d215295